000 00384cam a2200145ua 4500
041 _aeng
_h
082 _a613
_bWIL/HE
100 _aWilliams, Jesse feiring .
245 _aHealthful Living /
_cJesse feiring Williams.
_hTextual Documents
260 _aMelbourne :
_bMacMillan and Company Limited ,
_c1957.
300 _a604 ; .
504 _a
942 _cBK
999 _c1261
_d1261